000 00793nam a22002297a 4500
003 UA-OsUOA
001 119806
007 ta
008 20161118b un ||||| |||| 00| 0 ukr d
100 _aКовальчук А.Т.
700 _aКотляревський Я.В.
090 _a330(477)
_bК56
942 _cSA
040 _aUA-OsUOA
_bukr
_cUA-OsUOA
_dUA-OsUOA
245 _aЗапобігання та протидія відмиванню коштів: ризик-орієнтований підхід у контексті міжнародного співробітництва
300 _aС.77-89
955 _a0
041 _aukr
080 _a330(477)
773 0 _w119802
_tФінанси України
_dК.
_d2016
_g10
650 7 _a330 Економіка взагалі
_2UDC
999 _c406022
_d406022